书目信息 |
| 题名: |
命若琴弦
|
|
| 作者: | 史铁生 著 | |
| 分册: | ||
| 出版信息: | 北京 中国盲文出版社 2013.03 |
|
| 页数: | 278页 | |
| 开本: | 26cm | |
| 丛书名: | 中外经典随笔文库 | |
| 单 册: | ||
| 中图分类: | I217.02 | |
| 科图分类: | ||
| 主题词: | 短篇小说--小说集--中国--当代 , 散文集--中国--当代 | |
| 电子资源: | ||
| ISBN: | 978-7-80258-161-6 | |
| 000 | 01058oam2 2200277 450 | |
| 001 | 0108153915 | |
| 005 | 20210308154403.0 | |
| 010 | @a978-7-80258-161-6@dCNY28.00 | |
| 100 | @a20210307e20182013em y0chiy50 ea | |
| 101 | 0 | @achi |
| 102 | @aCN@b110000 | |
| 105 | @ay z 000zy | |
| 106 | @ar | |
| 200 | 1 | @a命若琴弦@Aming ruo qin xian@f史铁生著 |
| 210 | @a北京@c中国盲文出版社@c求真出版社@d2013.03@h2018.12 | |
| 215 | @a278页@d26cm | |
| 225 | 2 | @a中外经典随笔文库@e大字版 |
| 300 | @a国家彩票公益金资助 | |
| 330 | @a本书分为小说篇、散文篇、随笔篇等四个篇章,每个篇章都精选了史铁生的优秀代表作以及经典作品,如《命若琴弦》、《病隙碎笔之六》(曾获首届“老舍散文奖”一等奖),《我与地坛》等。所选文章围绕残疾与生命的主题,史铁生先生对残疾、生命等问题进行了深刻地探讨,其情真切,其理深刻。 | |
| 461 | 0 | @12001 @a中外经典随笔文库 |
| 606 | 0 | @a短篇小说@x小说集@y中国@z当代 |
| 606 | 0 | @a散文集@y中国@z当代 |
| 690 | @aI217.02@v5 | |
| 701 | 0 | @a史铁生@Ashi tie sheng@4著@f(1951-) |
| 801 | 0 | @aCN@bBJSZM@c20210308 |
| 905 | @b1272935-8@dI217.02@e1045@f4 | |
| 命若琴弦/史铁生著.-北京:中国盲文出版社:求真出版社,2013.03(2018.12) |
| 278页;26cm.-(中外经典随笔文库:大字版) |
| 国家彩票公益金资助 |
| ISBN 978-7-80258-161-6:CNY28.00 |
| 本书分为小说篇、散文篇、随笔篇等四个篇章,每个篇章都精选了史铁生的优秀代表作以及经典作品,如《命若琴弦》、《病隙碎笔之六》(曾获首届“老舍散文奖”一等奖),《我与地坛》等。所选文章围绕残疾与生命的主题,史铁生先生对残疾、生命等问题进行了深刻地探讨,其情真切,其理深刻。 |
| ● |
| 相关链接 |
|
|
|
|
正题名:命若琴弦
索取号:I217.02/1045
 
预约/预借
| 序号 | 登录号 | 条形码 | 馆藏地/架位号 | 状态 | 备注 |
| 1 | 1272935 | 212729350 | 第一样本阅览室/ [索取号:I217.02/1045] | 在馆 | |
| 2 | 1272936 | 212729369 | 教育系资料室/ [索取号:I217.02/1045] | 在馆 | |
| 3 | 1272937 | 212729378 | 教育系资料室/ [索取号:I217.02/1045] | 在馆 | |
| 4 | 1272938 | 212729387 | 第二借阅区/ [索取号:I217.02/1045] | 在馆 |